[Event "European Club Cup 2002"]
[Site "?"]
[Date "2002.09.23"]
[Round "2"]
[White "Nikolic Predrag"]
[Black "Relange Eloi"]
[Result "1/2-1/2"]
[WhiteElo "2653"]
[BlackElo "2492"]
[PlyCount "66"]
[EventDate "2002.??.??"]
[Source "www.chesslib.no"]
[SourceDate "2004.05.04"]

1. d4 Nf6 2. c4 g6 3. Nf3 Bg7 4. g3 d5 5. Bg2 dxc4 6. Na3 c3 7. bxc3 O-O 8. Bb2 c5 9. Ne5 Nc6 10. Nac4 Be6 11. O-O Bd5 12. Nxc6 bxc6 13. Qd3 Bxg2 14. Kxg2 cxd4 15. cxd4 c5 16. dxc5 Qc7 17. Rac1 Qxc5 18. Ne5 Qd5+ 19. Qxd5 Nxd5 20. Rfd1 e6 21. e4 Nb6 22. Rc7 Rfc8 23. Rdc1 f5 24. exf5 exf5 25. h4 Rxc7 26. Rxc7 Re8 27. f4 Rc8 28. Rxc8+ Nxc8 29. Bd4 Bxe5 30. fxe5 Kf7 31. Kf3 Ke6 32. Kf4 h6 33. g4 fxg4 1/2-1/2

[Event "CRO-chT"]
[Site "Porec"]
[Date "1998.09.05"]
[Round "1"]
[White "Dizdar, Goran"]
[Black "Kozul, Zdenko"]
[Result "1-0"]
[WhiteElo "2570"]
[BlackElo "2570"]
[PlyCount "73"]
[EventDate "1998.09.??"]
[Source "www.chesslib.no"]
[SourceDate "2004.05.04"]

1. d4 Nf6 2. Nf3 g6 3. c4 Bg7 4. g3 c6 5. Bg2 d5 6. b3 Qa5+ 7. Nbd2 O-O 8. O-O b5 9. Bb2 Ba6 10. Ne5 e6 11. Rc1 Nfd7 12. Nd3 Re8 13. b4 Qd8 14. c5 f5 15. Nb3 e5 16. dxe5 Nxe5 17. Nxe5 Bxe5 18. Bxe5 Rxe5 19. Na5 Bc8 20. Re1 a6 21. e4 fxe4 22. Rxe4 Rxe4 23. Bxe4 Be6 24. Qd4 Ra7 25. Re1 Bf7 26. Re3 Rc7 27. Bf3 Nd7 28. h4 Qf6 29. Nb3 Kf8 30. Qxf6 Nxf6 31. Nd4 a5 32. Re6 Ne4 33. Rxc6 Re7 34. bxa5 b4 35. Rc8+ Kg7 36. c6 Nc3 37. c7 1-0

[Event "Moscow-4teams"]
[Site "Moscow"]
[Date "1981.??.??"]
[Round "?"]
[White "Smyslov, Vassily"]
[Black "Romanishin, Oleg M"]
[Result "1-0"]
[WhiteElo "2545"]
[BlackElo "2595"]
[PlyCount "80"]
[EventDate "1981.06.??"]
[Source "ChessBase"]

1. Nf3 Nf6 2. g3 d5 3. Bg2 g6 4. d4 Bg7 5. c4 dxc4 6. Na3 O-O 7. Nxc4 Be6 8. Nce5 Bd5 9. O-O Nc6 10. Bf4 Nxe5 11. Bxe5 c6 12. Qd3 Qb6 13. Rfe1 Be4 14. Qa3 Nd5 15. Bxg7 Kxg7 16. Red1 a5 17. Ne5 Bxg2 18. Kxg2 Qb4 19. Qxb4 axb4 20. e4 Nf6 21. Kf3 Rfd8 22. Ke3 Ra5 23. b3 e6 24. f3 Rda8 25. Rd2 c5 26. dxc5 Rxc5 27. Nd3 Rb5 28. Rc1 g5 29. Rc4 g4 30. Rxb4 Rba5 31. Rxb7 gxf3 32. Kxf3 Rd8 33. e5 Nd7 34. Rc2 Nxe5+ 35. Nxe5 Rxe5 36. a4 h5 37. Kg2 Kg6 38. b4 h4 39. a5 hxg3 40. hxg3 Rd3 1-0

[Event "4th IECC"]
[Site "Istanbul"]
[Date "2003.06.13"]
[Round "13"]
[White "Gagunashvili, Merab"]
[Black "Spasov, Vasil"]
[Result "0-1"]
[WhiteElo "2580"]
[BlackElo "2555"]
[PlyCount "45"]
[EventDate "2003.05.30"]
[Source "Roberto Alvarez"]
[SourceDate "2003.06.23"]

1. d4 Nf6 2. c4 g6 3. Nf3 Bg7 4. g3 O-O 5. Bg2 d5 6. Nc3 Nbd7 7. O-O e5 8. e4 exd4 9. Nxd4 Nc5 10. h3 Re8 11. Re1 Bd7 12. Rb1 a5 13. Bf4 h6 14. Ndb5 Ne6 15. Bd2 Ng5 16. g4 c6 17. Bxg5 hxg5 18. Nd6 Re5 19. c5 Be6 20. Nxb7 Qb8 21. Nd6 Nd7 22. Bf1 Nxc5 23. Nc4 0-1

[Event "JUG-Cup final"]
[Site "Pula CRO"]
[Date "1991.??.??"]
[Round "2"]
[White "Nikolic, Predrag"]
[Black "Popovic, Petar"]
[Result "1/2-1/2"]
[WhiteElo "2620"]
[BlackElo "2510"]
[PlyCount "71"]
[EventDate "1991.??.??"]
[Source "www.chesslib.no"]
[SourceDate "2004.05.04"]

1. d4 Nf6 2. c4 g6 3. Nf3 Bg7 4. g3 c6 5. Bg2 d5 6. Na3 O-O 7. O-O Qb6 8. b3 Bf5 9. Bb2 a5 10. Qd2 Nbd7 11. Rfc1 Rfd8 12. e3 Ne4 13. Qe2 a4 14. c5 Qa5 15. Ne1 axb3 16. axb3 Qd2 17. Rc2 Qxe2 18. Rxe2 h5 19. f3 Nef6 20. h3 g5 21. g4 Bg6 22. Bf1 Ne8 23. gxh5 Bxh5 24. Rg2 f6 25. b4 Nc7 26. Bd3 Kf7 27. Bc3 Ra4 28. Rga2 Rda8 29. Bc2 R4a7 30. Bb3 b5 31. e4 e6 32. Nc4 Rxa2 33. Nd6+ Ke7 34. Rxa2 Rxa2 35. Bxa2 Bg6 36. Bb1 1/2-1/2

[Event "TCh-BIH"]
[Site "Jahorina"]
[Date "2003.06.26"]
[Round "8"]
[White "Ilincic, Zlatko"]
[Black "Ivanisevic, Ivan"]
[Result "1/2-1/2"]
[WhiteElo "2557"]
[BlackElo "2569"]
[PlyCount "117"]
[EventDate "2003.06.21"]
[Source "Roberto Alvarez"]
[SourceDate "2003.07.07"]

1. d4 Nf6 2. c4 g6 3. g3 c6 4. Bg2 d5 5. cxd5 cxd5 6. Nf3 Bg7 7. Nc3 Ne4 8. Nxe4 dxe4 9. Ne5 Bxe5 10. dxe5 Qxd1+ 11. Kxd1 Bf5 12. g4 Bxg4 13. Bxe4 Nc6 14. f3 O-O-O+ 15. Ke1 Be6 16. Bxc6 bxc6 17. Bg5 Rd7 18. Kf2 h6 19. Be3 g5 20. Rhc1 Kb7 21. Rc3 f5 22. exf6 exf6 23. Rac1 f5 24. Rxc6 Bxa2 25. Rf6 f4 26. Bxa7 Re8 27. Bc5 Be6 28. Rxh6 Rd2 29. Ke1 Rxb2 30. Rh7+ Kb8 31. Bd6+ Ka8 32. Rcc7 Ra2 33. Rce7 Rxe7 34. Rxe7 Bc8 35. Re8 Kb7 36. Rg8 Ra1+ 37. Kf2 Bh3 38. e4 Ra2+ 39. Ke1 Ra1+ 40. Kd2 Ra2+ 41. Kc3 g4 42. fxg4 f3 43. Bg3 f2 44. Bxf2 Rxf2 45. g5 Kc6 46. g6 Rg2 47. Rh8 Be6 48. Rh6 Kd6 49. Kd4 Ke7 50. Ke5 Bg8 51. Kf5 Kf8 52. h3 Kg7 53. Rh5 Rf2+ 54. Kg5 Ra2 55. Kf5 Ra8 56. Rh4 Rf8+ 57. Kg5 Rf6 58. Rg4 Be6 59. Rg3 1/2-1/2